LEADER 00481nab a2200157 i 4500 001 000000263053 003 CaOOAMICUS 005 20190625122918.0 008 051116n xx uu u0 0und r 013 $a4573 040 $aSeMil$bita 245 10$aFascicolo 830. 500 $aSETTEMBRE-OTTOBRE 2005 (N. 830). 773 0 $t[2005 : fascicoli 826-831].$dMilano : Scuola Beato Angelico, copyr. 2005.$w()135364 996 $6245$aFascicolo 830$9(OLS)http://semarc/title/423960 LEADER 00664nam a2200181 i 4500 001 000000229684 003 CaOOAMICUS 005 20140515000000.0 008 140515s2010 it u000 u ita u 013 $a208586 040 $aSeMil$bita 245 10$aEsercizi, lessico e indici. 300 $aXIV, 671 p. 773 0 $aRusconi, Carlo $tManuale di introduzione all'ebraico biblico.$dBologna : EDB, 2010.$z978-88-10-24122-6$g2$w()5983 850 $aSeMil 852 $aSeMil$W1$xVenegono$y1$m2V VI 119$j180030$B180030$CSeMilBibl$Z2$F192016 $81 961 $aAcquisto: LI.CO.SA 996 $6245$aEsercizi, lessico e indici$9(OLS)http://semarc/title/328448